000 00286nam a22001217a 4500
008 170406b xxu||||| |||| 00| 0 eng d
041 _aeng
080 _23 ED
_a616.34
100 _a9
101 _aSHM
245 _aHEMATOLOGY BASIC PRINCIPLES AND PRACTICE
_cHOFFMAN.R
942 _2udc
_cBK
999 _c9905
_d9905